000 00498nam a2200181Ia 4500
999 _c14017
_d14017
003 OSt
005 20201103124510.0
008 190216s9999||||xx |||||||||||||| ||und||
020 _a0449203794
040 _coclc
082 _a813.54
_bMIC/S
100 _a Michener, James A
_96193
245 0 _aSpace /
_cJames A Michener
260 _bBallantine Books,
_c1982.
_aNew york:
300 _a807p
650 _aEnglish Novel
942 _cBK
_2ddc
_h813.54
_iJAM/S
_k813.54
_mJAM/S